Quizzes
Events
Quiz Creation
Community
Videos
Private Events
Remove Ads
Sign In
Join for FREE
Feedback
Dark Mode
Quiz Categories
Sports
Geography
Music
Movies
Television
Just For Fun
Miscellaneous
History
Literature
Language
Science
Gaming
Entertainment
Religion
Holiday
For Kids
Quiz Lab
Recent
Popular Today
Quiz Kudos Today
Editor Picks
Curator Picks
Quizzes by...
Day
Popularity
Type
Ratings
Length
Year
Community
Subscriptions
Recent Discussions
Orange Saloon
Badges
Playlists
Quests
Create
Leaderboards
Showdown
Live 5
Trivia Bingo
Activity
Puzzle Library
Sporcle Events
Private Events
Virtual Trivia
Globe League
Become a Host
Pub Owners
SporcleCon
Opinionation
Our Games
Videos
Blog
Mobile Apps
Partnerships
Remove Ads and Go Orange
Feedback
Movies
Disney
Marvel Cinematic Universe
Movie Resume
Movie Titles
Oscar
Actor
Actress
Director
Pixar
Role
Movie Quotes
Movie Characters
Box Office
Nominee
Best Picture
Star Wars
James Bond
Horror Movies
Movies
Disney
Marvel Cinematic Universe
Movie Resume
Movie Titles
Oscar
Actor
Actress
Director
Pixar
Role
Movie Quotes
Movie Characters
Box Office
Nominee
Best Picture
Star Wars
James Bond
Horror Movies
Random Quiz
Search Sporcle
×
Quiz Lab
Quiz Lab
Movies
Word Ladder
Type in answers that appear in a list
Type in answers that appear in a list
Classic
Best Score? Go Orange.
Word Ladder: The Room Stats
Can you name the answers to this The Room-themed word ladder?
By
NoorDraconia
6m
68 Questions
54 Plays
54 Plays
54 Plays
Comments
Comments
Give Quiz Kudos
Give Quiz Kudos
-
- Ratings
hide this ad
Replay
Link that replays current quiz
Next Quiz
Link to next quiz in quiz playlist
You Got
0%
They Got
Avg Score
67%
Avg Friend Score
Upgrade to see
Score Distribution
Jump to the score distribution portion of the page
Score
0/68
Timer
06:00
0
Plays Today
Hint
Answer
% Correct
'Chocolate is the symbol of _
_
_
_
.'
LOVE
96.2%
Fourth planet from Sun
MARS
90.4%
2003 Movie: The _
_
_
_
ROOM
88.5%
Leaning Tower of _
_
_
_
PISA
88.5%
Bird's home
NEST
88.5%
Symbol of peace
DOVE
88.5%
'You are _
_
_
_
ing me apart, [Rung 21]!'
TEAR
86.5%
'You are [Rung 31]ing me apart, _
_
_
_
!'
LISA
84.6%
Shopping center
MALL
84.6%
Facebook action
LIKE
84.6%
College lodgings
DORM
84.6%
'I got this sick feeling in my sto_
_
_
_
, man.' Also, measurement of speed relative to that of sound.
MACH
84.6%
Tidy, orderly
NEAT
84.6%
Adam's gender
MALE
84.6%
Short for Gabriella
GABY
84.6%
Shape of Italy
BOOT
84.6%
Movie pig
BABE
84.6%
Golden, in French
DORE
82.7%
Shades of _
_
_
_
GREY
82.7%
'You look like a _
_
_
_
-
[Rung 55] now.'
BABY
82.7%
What the guys play in tuxes, with [Rung 36]
BALL
82.7%
Watercraft
BOAT
82.7%
Bundle of hay
BALE
82.7%
Boyfriend of [Rung 12][Rung 68].
MIKE
80.8%
Rodents
MICE
80.8%
Close
NEAR
80.8%
What happens to one's soul after watching
DOOM
78.8%
Friend of [Rung 21], along with [Rung 68].
MICH
76.9%
'I've _
_
_
_
him, but I still have you. Right?'
LOST
76.9%
For fear that
LEST
76.9%
Bludgeoning weapon or spice
MACE
76.9%
Traditional body of knowledge
LORE
76.9%
Misbehaved child
BRAT
76.9%
Best friend of Johnny and [Rung 21]'s lover
MARK
75%
Hint
Answer
% Correct
To read, in French
LIRE
75%
Sound of horn
TOOT
75%
Boast
BRAG
75%
Water droplets suspended in air
MIST
73.1%
Udder
TEAT
73.1%
_
_
Sestero, who plays [Rung 15]
GREG
71.2%
Mail
POST
71.2%
To pull along
DRAG
71.2%
Not what applies to this movie: '_
_
_
_
well that ends well.'
ALLS
71.2%
Ordered set of items
LIST
69.2%
Raincoat
MACK
69.2%
[Rung 21] to Johnny: 'I _
_
_
_
you.'
MISS
69.2%
Weight
MASS
69.2%
Way of sitting or standing
POSE
63.5%
Percussion instrument
DRUM
63.5%
Sediment of a liquid
DREG
63.5%
'Um, I don't think she's faithful to me. In _
_
_
_
, I know she isn't.' Also, a truth.
FACT
63.5%
Wall of rammed earth
PISE
61.5%
'You look like a [Rung 48]-
_
_
_
_
now.'
FACE
61.5%
What the guys play in tuxes, with [Rung 51]
FOOT
59.6%
What Chris-
R deals (singular)
DRUG
57.7%
German for 'all'
ALLE
48.1%
Jog
TROT
46.2%
A province in Thailand
TRAT
46.2%
Aquarium fish
GOBY
30.8%
Restive, energetic
GOEY
28.8%
Friend of [Rung 21], along with [Rung 12].
ELLE
26.9%
Plant with flowers resembling lilies
ARUM
21.2%
Beat repeatedly
DRUB
21.2%
Astringent salt with many uses
ALUM
19.2%
Fault, in Scots
FAUT
19.2%
Arithmetic logic units
ALUS
17.3%
Apply with careless quick motions
DAUB
17.3%
Fondle, in Scots
DAUT
15.4%
Quiz Playlist
Details
Report
Send in Message
Add To Playlist
Classic:
Type in answers that appear in a list
Last Updated: Apr 23, 2017
Quiz Scoreboard
CHALLENGE
Sign Up to Join the Scoreboard
Show All
Scores
Hide
Comments
May contain spoilers
Recently Published
College Basketball Coaching Resumes
by pancakes188
Sports
9m
Billboard Blitz: Fleetwood Mac
by CooCooCachoo
Music
15s
Presidents Visiting Landmarks
by Hejman
History
7m
More to Explore
Quiz From the Vault
Featured Blog Post
Where Did the Easter Bunny Come From?
hide this ad
You Might Also Like...
Tags
Word Ladder Quiz
room
Today's Top Quizzes in Movies
Browse Movies
hide this ad
Today's Top Quizzes in Word Ladder
Browse Word Ladder
Top Contributed Quizzes in Movies
1
Pick 5 Posters: Directed by Spielberg
2
7-to-1: Pixar Characters
3
Pick 5 Posters: Lowest-Rated Spielberg
4
Sorting Actors
5
Pick 5 Posters: Directed by Scorsese
6
Sorting Actresses
7
Pick 5 Posters: Star & Director
8
Pick 5 Posters: Women Directed 2020s
9
12 Movies about Fictional 1960s Events
10
Multi-Oscar Nominations, One Movie, One Winner
Explore More
Trending Topics
Marvel
Crossword
Kpop
Disney
Anime
NBA
Harry Potter
Song
Puzzle
WWE
Pokémon
Soccer
NFL
The Office
Country
hide this ad
More By:
NoorDraconia
Quiz
Plays
Rating
Category
Featured
Created
Ultimate Geography Challenge 'O'
7,650
4.65
Geography
Oct 10, 2015
Word Ladder: French Expression
7,485
4.57
Just For Fun
Mar 31, 2019
Word Ladder: Labyrinth's Antagonist
4,738
3.90
Just For Fun
Feb 20, 2019
World Capitals Containing 'L'
2,010
4.64
Geography
Oct 11, 2015
Latin Legal Terms
1,272
4.87
Language
Nov 30, 2016
Go to Creator's Profile
Score Distribution
Quiz Creator Spotlight
NoorDraconia
Follow
Send a Message
Quizzes Created
-
Created Quiz Play Count
-
More By This Creator
Popular Quizzes Today
1
Find the US States - No Outlines Minefield
2
Find the Countries of Europe - No Outlines Minefield
3
The Countries of the World
4
Find the US States
5
Risky Map Clicking: Biggest States A-Z
6
US States
7
Popular People in 1961
8
Movies - When Are They Set?
More Movies Quizzes
Identify the Star Wars Planets
Published
Trending Quizzes
Risky Map Clicking: Least Populous States A-Z
1-10 Letter G Words
1-10 Letter F Words
Risky Map Clicking: Next State Alphabetically
Risky Map Clicking: Biggest States A-Z
Recently Updated
Leaping Animals
pecheneg
Reality TV Shows (A-Z)
bhenderson79
Rickey Henderson's Hall of Fame Teammates
pecheneg
Champions League XIs: Arsenal
pecheneg
Quick Pick: Celebrities in WWE's Hall of Fame
aduchscher
A-Z Keypad Blitz II
pecheneg
Multiple Oscar Actors
pecheneg
Mystery Phrase Blitz: Oscar 'Best Actors'
pecheneg
F. Scott Fitzgerald Novels
LTH
Pick 3 Villains
ddd62291
Trending Topics
Marvel
Disney
Anime
Kpop
NBA
Harry Potter
Crossword
Country
NFL
WWE
The Office
Pokémon
Song
Soccer
Puzzle
Your Account Isn't Verified!
In order to create a playlist on Sporcle, you need to verify the email address you used during registration. Go to your
Sporcle Settings
to finish the process.
Report this User
Report this user for behavior that violates our
Community Guidelines
.
Details:
Send Report
Go to the Sporcle.com Mobile Site →
Comments